| 000 | 02483cam a22005414i 4500 | ||
|---|---|---|---|
| 003 | PE-LiUPU | ||
| 005 | 20250731184513.0 | ||
| 008 | 161207s2014 pe r 000 0 spa d | ||
| 020 | _a9972718409 | ||
| 020 | _a9789972718403 | ||
| 035 | _a(Sirsi) a165604 | ||
| 040 |
_aPE-LiUPU _bspa _cPE-LiUPU _erda |
||
| 049 | _aPRUA | ||
| 082 | 0 | 4 |
_a985.01 _bC32 _220 |
| 110 | 2 |
_aMuseo de Arte de Lima, _eautor. |
|
| 040 | _aPE-LiUPU | ||
| 245 | 0 |
_aCastillo de Huarmey : _bel mausoleo imperial wari / _cMALI, [y otro más]. |
|
| 250 | _aPrimera edición. | ||
| 264 | 1 |
_aLima : _bAsociación Museo de Arte de Lima, _c2014. |
|
| 300 |
_a348 páginas : _bilustraciones ; _c29 centímetros |
||
| 336 |
_atext _2rdacontent |
||
| 337 |
_aunmediated _2rdamedia |
||
| 338 |
_avolume _2rdacarrier |
||
| 504 | _aBibliografía : páginas 335-345. | ||
| 505 | 0 | _aLa muestra de un descubrimiento. Castillo de Harmey en el MALI -- El fenómero wari: tras las huellas de un imperio prehispánico -- El hallazgo del mausoleo imperial -- Ajuar personal: las mujeres de la élite wari y su atuento -- El ajuar de las dmas nobles de castillode huarmey. Selección -- Élites imperiales y símbolos de poder -- Los rituales funerarias y la identidad de los difuntos en el mausoleo de Castillo de Huarmey -- Los objetos de metal en el mausoleo wari de Huarmey -- Objetos de plata de Castillo de Huarmey: corrosió y tratamiento -- Dos khipus wari del Horizonte medio provenientes de Castillo de Huarmey -- Los textiles de Castillo de Huarmey. Selcción. | |
| 526 | _aP136 | ||
| 526 | _aP135 | ||
| 526 | _aP134 | ||
| 526 | _aP133 | ||
| 526 | _aP144 | ||
| 526 | _aP143 | ||
| 526 | _aP87 | ||
| 526 | _aP35 | ||
| 526 | _aP20 | ||
| 526 | _aP14 | ||
| 526 | _aP10 | ||
| 526 | _aP06 | ||
| 541 | _g003-0047643; | ||
| 650 | 0 | 4 | _aCultura Wari (Perú). |
| 650 | 0 | 4 | _aArqueología-Perú. |
| 650 | 0 | 4 | _aCastillo de Huarmey - Ancash (Perú). |
| 910 |
_ajck _bncf _cncf _d20161207 |
||
| 942 |
_2ddc _cBOOK |
||
| 949 |
_a985.01 C32 _wDEWEY _c1 _i75159 _lCG2 _mBUL _p58.09 _r0 _sY _tBOOK _u2016-12-07 _xINGENIERIA _PP06 _0COMPRA _o.STAFF. Colección Ingenieria y Arquitectura |
||
| 994 |
_aC0 _bPEPRU |
||
| 596 | _a1 | ||
| 999 |
_a985.01 C32 _wDEWEY _c14383 _i75159 _d14383 _f2021-11-8 _g7 _lCCODEBUL1 _mBUL _p58.09 _q1 _r0 _sY _tBOOK _u2016-12-7 _xBIBLIOTECA _PP06 _0COMPRA _o.STAFF. Colección Ingenieria y Arquitectura |
||
| 980 |
_81 _gALBERTO SANCHEZ Responsable de Automatización |
||